Noord-Korea Trivia Quiz - Statistieken

Algemene statistieken
  • Deze quiz is 640 keer genomen
  • De gemiddelde score is 9 van 19
Antwoordstatistieken
Hint Antwoord % Correct
Technisch gezien is Noord-Korea nog steeds in oorlog met dit land Zuid-Korea
90%
Hoofdstad Pyongyang
84%
Leiders van Noord-Korea Kim {Jong}-{un}
83%
Noord-Korea heeft een korte grens van 17 km met dit land Rusland
80%
Noord-Korea testte deze voor het eerst in 2006 Atoomwapens
59%
Leiders van Noord-Korea Kim {Jong}-{il}
59%
Noord-Korea besteedt naar schatting 13-23% van zijn BBP aan zijn ... Leger
59%
In welke buitenlandse stad zijn de meeste ambassades van Noord-Korea gevestigd? Peking
55%
Leiders van Noord-Korea Kim {Il}-{sung}
48%
In 2011 werd de Noord-Koreaanse grondwet gewijzigd om verwijzingen naar dit 'isme' te verwijderen {Commun}isme
46%
Een ramp die Noord-Korea trof van 1994 tot 1998 Hongersnood
45%
Waar staat DMZ voor? Koreaanse {gedemilitariseerde} zone
37%
Zee tussen Noord-Korea en China Gele zee
36%
Noord-Korea heeft naar schatting 200.000 hiervan - van wie er jaarlijks duizenden sterven {Politieke} Gevangenen
32%
Met een capaciteit van 114.000 mensen is het Rungrado_____ het grootste ______ ter wereld Stadion
27%
Hoogste gebouw in Noord-Korea, nog steeds niet voltooid na 33 jaar bouwen Ryugyong{hotel}
24%
Officiële staat "religie" van Noord-Korea Atheïsme
22%
In 1978 ontvoerde Noord-Korea Shin Sang-ok en Choi Eun-hee en dwong hen om dit te maken Films
15%
Bijnaam van Noord-Korea, vanwege het isolement van andere landen Het {Kluizenaars}koninkrijk
9%
Geen overeenkomende quizzen gevonden
Scoreverdeling
Procent van Mensen met Elke Score
Percentiel versus Aantal Correcte Antwoorden
Uw Scoregeschiedenis
U heeft deze quiz nog niet genomen